000 00613nam a2200229Ia 4500
005 20250425162352.0
008 250425s9999 xx 000 0 und d
020 _a9780136029656
041 _aeng
082 _a658.18
100 _aDANIELS, JOHN D.
245 0 _aINTERNATIONAL BUSINESS: ENVIRONMENTS AND OPERATIONS
250 _a12TH ED.
260 _aEstados Unidos
_bPEARSON EDUCACION
_c2009
260 _aUPPER SADDLE RIVER
300 _a860
650 _aINVERSIONES
650 _aNEGOCIOS INTERNACIONALES
650 _aRELACIONES ECONOMICAS INTERNACIONALES
942 _c01
010 _a66449
999 _c227810
_d227810